000 00407nam a2200133Ia 4500
008 100328s9999 xx 000 0 und d
082 _b57756
100 _aघाटे निरंजन
245 _aसफर हॉलिवूडची
260 _bप्राजक्ता
630 _aसफर हॉलिवूडची
730 _aसफर हॉलिवूडची
942 _cBOOK
999 _c544179
_d544176